|
|
แสดงรายละเอียดบรรณานุกรม |
|
|
Brief Record
: Get Marc (ISO 2709)
: E-mail record
: |
| LEADER 00000nama 2200000uu 4500 | |||
| 008 040531s2546 th m m a000 0 tha d | |||
| 041 tha | |||
| 100 นายไพศาล โชติกล่อม | |||
| 245 รายงานการวิจัย 400 | |||
| 250 1 | |||
| 260 ขอนแก่น หจก.ขอนแก่นการพิมพ์ 2546 | |||
| 300 87 | |||
| 650 โครงการม่วนซื่นสงกรานต์เมือบ้านปลอดภัย | |||
| 998 2004-01-16 | |||
| คุณยังไม่ได้ล็อกอิน คุณสามารถมีกิจกรรมร่วมกับเว็บไซต์ได้ แต่ต้องล็อกอินก่อน :: |
|
| สถานะ | |||||||||
| 1. | หนังสือทั่วไป | 2546 | On Shelf ขอยืม | ||||||
| [แสดง 1/1 รายการ] | |||||||||
| รายการใกล้เคียง ชื่อเรื่อง [รายงานการวิจัย 400] ผู้แต่ง [นายไพศาล โชติกล่อม] |
BibComment |
| คอมเมนท์ทรัพยากรรายการนี้ |
|
|